UK Top Ten Artists of 2008 - Statistics

General Stats
  • This quiz has been taken 38 times
  • The average score is 41 of 121
Answer Stats
% Correct
2008 August I Kissed a Girl Katy Perry 1
94%
2008 November Hot n Cold Katy Perry 4
94%
2008 May Violet Hill Coldplay 8
91%
2008 June Viva la Vida Coldplay 1
91%
2008 January Don't Stop the Music Rihanna 4
88%
2008 May Take a Bow Rihanna 1
88%
2008 August Disturbia Rihanna 3
88%
2007 October Valerie Mark Ronson ft. Amy Winehouse 2
85%
2008 November Live Your Life T.I. ft. Rihanna 2
85%
2008 November If I Were a Boy Beyoncé 1
82%
2008 December Listen Beyoncé 8
82%
2008 January Piece of Me Britney Spears 2
79%
2008 November Womanizer Britney Spears 3
79%
2007 November Bleeding Love Leona Lewis 1
79%
2008 March Better in Time/Footprints in the Sand Leona Lewis 2
79%
2008 November Forgive Me Leona Lewis 5
79%
2008 December Run Leona Lewis 1
79%
2008 January Chasing Pavements Adele 2
76%
2008 September Sex on Fire Kings of Leon 1
73%
2008 December Use Somebody Kings of Leon 2
73%
2008 March American Boy Estelle ft. Kanye West 1
70%
2007 December Crank That (Soulja Boy) Soulja Boy Tell'em 2
70%
2007 October Apologize Timbaland presents OneRepublic 3
64%
2008 November Another Way to Die Alicia Keys & Jack White 9
61%
2008 February Mercy Duffy 1
61%
2008 May Warwick Avenue Duffy 3
61%
2008 October So What Pink 1
61%
2007 November No One Alicia Keys 6
58%
2008 March Stop and Stare OneRepublic 4
58%
2008 March Low Flo Rida ft. T-Pain 2
55%
2008 November Love Lockdown Kanye West 8
55%
2008 January Homecoming Kanye West ft. Chris Martin 9
55%
2007 December Fairytale of New York The Pogues ft. Kirsty McColl 4
55%
2008 April Love in This Club Usher ft. Young Jeezy 4
55%
2008 March 4 Minutes Madonna & Justin Timberlake 1
52%
2008 January Rockstar Nickelback 2
52%
2008 November Human The Killers 3
48%
2008 May That's Not My Name The Ting Tings 1
48%
2008 July Shut Up and Let Me Go The Ting Tings 6
48%
2008 December Hallelujah Jeff Buckley 2
45%
2007 November Rule the World Take That 2
45%
2008 December Greatest Day Take That 1
45%
2008 December Broken Strings James Morrison ft. Nelly Furtado 2
42%
2008 July Give It 2 Me Madonna 7
42%
2008 August The Man Who Can't Be Moved The Script 2
39%
2008 July Dance wiv Me Dizzee Rascal ft. Calvin Harris & Chrome 1
36%
2007 December Call the Shots Girls Aloud 3
36%
2008 March Can't Speak French Girls Aloud 9
36%
2008 November The Promise Girls Aloud 1
36%
2008 May Heartbreaker will.i.am ft Cheryl Cole 4
36%
2008 December Hallelujah Alexandra Burke 1
33%
2008 June No Air Jordin Sparks ft. Chris Brown 3
33%
2008 July All Summer Long Kid Rock 1
33%
2008 April Touch My Body Mariah Carey 5
33%
2008 June Closer Ne-Yo 1
33%
2008 September Miss Independent Ne-Yo 6
33%
2008 April With You Chris Brown 8
30%
2008 June Forever Chris Brown 4
30%
2008 September When I Grow Up The Pussycat Dolls 3
27%
2008 December Right Now (Na Na Na) Akon 6
24%
2008 October You Make It Real James Morrison 7
24%
2008 March Wow Kylie Minogue 5
24%
2008 May In My Arms Kylie Minogue 10
24%
2008 November The Boy Does Nothing Alesha Dixon 5
21%
2008 July All I Ever Wanted Basshunter 2
21%
2008 January Now You're Gone Basshunter ft. DJ Mental Theo's Bazzheadz 1
21%
2008 August Beggin Madcon 5
21%
2008 April Black and Gold Sam Sparro 2
21%
2008 October Never Miss a Beat Kaiser Chiefs 5
18%
2008 January Elvis Ain't Dead Scouting for Girls 8
18%
2008 May Heartbeat Scouting for Girls 10
18%
2008 August Mountains Biffy Clyro 5
15%
2008 June Sweet About Me Gabriella Cilmi 6
15%
2007 December When You Believe Leon Jackson 1
15%
2008 October Don't Call This Love Leon Jackson 3
15%
2008 October The Shock of the Lightning Oasis 3
15%
2008 October Take Back the City Snow Patrol 6
15%
2008 October Girls Sugababes 3
15%
2008 March Come On Girl Taio Cruz 5
15%
2008 March Fascination Alphabeat 6
12%
2008 September Pjanoo Eric Prydz 2
12%
2008 November Infinity 2008 Guru Josh Project 3
12%
2008 July One for the Radio McFly 2
12%
2008 September Lies McFly 4
12%
2008 June Love Song Sara Bareilles 4
12%
2008 April Cry for You September 5
12%
2008 July We Made It Busta Rhymes ft. Linkin Park 10
9%
2008 February Ready for the Floor Hot Chip 6
9%
2008 August 5 Years Time Noah and the Whale 7
9%
2008 October Raindrops (Encore Une Fois) Sash! Ft Stunt 9
9%
2008 August If This Is Love The Saturdays 8
9%
2008 October Up The Saturdays 5
9%
2008 March Us Against the World Westlife 8
9%
2008 May Wearing My Rolex Wiley 2
9%
2008 September Changes Will Young 10
9%
2008 December Little Drummer Boy/Peace on Earth Bandaged (Sir Terry Wogan & Aled Jones) 3
6%
2008 October Love You Anyway Boyzone 5
6%
2008 September Thank You for a Lifetime Cliff Richard 3
6%
2008 October The Winner's Song Geraldine McQueen 2
6%
2008 December Once Upon a Christmas Song Geraldine McQueen 5
6%
2008 February Work Kelly Rowland 4
6%
2008 January Be Mine! Robyn 10
6%
2008 April Always Where I Need to Be The Kooks 3
6%
2008 April The Age of the Understatement The Last Shadow Puppets 9
6%
2008 February Sun Goes Down David Jordan 4
3%
2008 February A&E Goldfrapp 10
3%
2008 September Cookie Jar Gym Class Heroes ft. The-Dream 6
3%
2008 January Superstar Lupe Fiasco ft. Matthew Santos 4
3%
2008 June Singin' in the Rain Mint Royale 1
3%
2008 February Just for Tonight One Night Only 9
3%
2008 May Propane Nightmares Pendulum 9
3%
2007 December Heartbroken T2 ft. Jodie Aysha 2
3%
2008 October There You'll Be Faith Hill 10
0%
2008 February What's It Gonna Be H "Two" O ft. Platnum 2
0%
2008 October In This City Iglu & Hartly 5
0%
2008 July Stay with Me Ironik 5
0%
2008 November Wire to Wire Razorlight 5
0%
2008 February I Thought It Was Over The Feeling 9
0%
2008 August Love Is Noise The Verve 4
0%
2008 March Something Good '08 Utah Saints 8
0%
2008 February Weightless Wet Wet Wet 10
0%
No matching quizzes found
Score Distribution
Percent of People with Each Score
Percentile by Number Answered
Your Score History
You have not taken this quiz